[Event "17.Seefeld Open 2006"]
[Site "Seefeld/AUT (23.9.-1.10)"]
[Date "2006.09.23"]
[Round "1"]
[White "Teske, Henrik"]
[Black "Waibl, Herbert"]
[Result "1-0"]
[WhiteElo "2486"]
[BlackElo "2026"]
[PlyCount "27"]
[EventDate "2006.09.??"]
[EventType "swiss"]
[EventRounds "9"]
[EventCountry "AUT"]

1. e4 d6 2. d4 g6 3. Nc3 Bg7 4. f4 Nf6 5. Nf3 O-O 6. Bd3 Bg4 7. Be3 Nbd7 8. e5
dxe5 9. dxe5 Ne8 10. h3 Bxf3 11. Qxf3 c6 12. h4 h5 13. O-O-O Bh6 14. e6 1-0

[Event "17.Seefeld Open 2006"]
[Site "Seefeld/AUT (23.9.-1.10)"]
[Date "2006.09.23"]
[Round "1"]
[White "Schulze, Joachim"]
[Black "Van der Weide, Karel"]
[Result "0-1"]
[WhiteElo "2010"]
[BlackElo "2443"]
[PlyCount "100"]
[EventDate "2006.09.??"]
[EventType "swiss"]
[EventRounds "9"]
[EventCountry "AUT"]

1. e4 c5 2. Nf3 d6 3. d4 cxd4 4. Nxd4 Nf6 5. Nc3 a6 6. Be2 e5 7. Nb3 Be6 8. Be3
Nbd7 9. O-O Be7 10. f3 O-O 11. Kh1 b5 12. Qd2 Qc7 13. Rfd1 Rfc8 14. a3 Nb6 15.
Bxb6 Qxb6 16. Nd5 Bxd5 17. exd5 Ra7 18. Bd3 g6 19. Be4 Rc4 20. Re1 Nh5 21. g3
a5 22. Bd3 Rc8 23. Qe2 a4 24. Nd2 Nf6 25. Bxb5 Rxc2 26. Nc4 Rxe2 27. Nxb6 Rxe1+
28. Rxe1 Rb7 29. Nc8 Rxb5 30. Nxe7+ Kf8 31. Nc8 Rxd5 32. Rc1 e4 33. fxe4 Nxe4
34. Rc4 Rd1+ 35. Kg2 Rd2+ 36. Kf3 d5 37. Rxa4 Rxb2 38. Ra8 Kg7 39. Ne7 Rf2+ 40.
Ke3 Rxh2 41. Nxd5 Nxg3 42. a4 Nf5+ 43. Kf3 Ra2 44. a5 h5 45. a6 h4 46. Nb4 Ra3+
47. Kg2 h3+ 48. Kh2 Nh6 49. Nc2 Ng4+ 50. Kg1 Rg3+ 0-1

[Event "17.Seefeld Open 2006"]
[Site "Seefeld/AUT (23.9.-1.10)"]
[Date "2006.09.23"]
[Round "1"]
[White "Bronznik, Valeri"]
[Black "Willin, Bernhard"]
[Result "1-0"]
[WhiteElo "2383"]
[BlackElo "2009"]
[PlyCount "81"]
[EventDate "2006.09.??"]
[EventType "swiss"]
[EventRounds "9"]
[EventCountry "AUT"]

1. d4 Nf6 2. c4 g6 3. Nc3 Bg7 4. Nf3 d6 5. Bg5 h6 6. Bh4 O-O 7. e3 Qe8 8. Qc2
e5 9. Be2 a6 10. O-O Nc6 11. Nd5 Nxd5 12. cxd5 Ne7 13. dxe5 Nxd5 14. exd6 cxd6
15. Qd2 Ne7 16. Nd4 Be5 17. e4 Bd7 18. Rad1 Kh7 19. f4 Bg7 20. Bf3 Nc6 21. Nxc6
Bxc6 22. Rfe1 Rc8 23. Qb4 Bb5 24. Rxd6 Rc2 25. e5 Qc8 26. Be4 Rc4 27. Qd2 Re8
28. Bf2 Bf8 29. b3 Rxe4 30. Rxe4 Bxd6 31. Qxd6 Qc2 32. Re1 Bc6 33. h3 Qxa2 34.
Qf6 Qxb3 35. e6 Qd5 36. Qxf7+ Kh8 37. Qxg6 Qxg2+ 38. Qxg2 Bxg2 39. Kxg2 Kg7 40.
Bd4+ Kg6 41. Re5 1-0

[Event "17.Seefeld Open 2006"]
[Site "Seefeld/AUT (23.9.-1.10)"]
[Date "2006.09.23"]
[Round "1"]
[White "Schett, Franz"]
[Black "Rausch, Stephan"]
[Result "0-1"]
[WhiteElo "2004"]
[BlackElo "2343"]
[PlyCount "64"]
[EventDate "2006.09.??"]
[EventType "swiss"]
[EventRounds "9"]
[EventCountry "AUT"]

1. e4 e6 2. d4 d5 3. e5 c5 4. Nf3 Nc6 5. c3 f6 6. exf6 Nxf6 7. Bg5 cxd4 8. Nxd4
e5 9. Nb3 Be6 10. N1d2 Rc8 11. Be2 Bd6 12. Bh5+ g6 13. Be2 O-O 14. O-O Ne7 15.
Bxf6 Rxf6 16. Bg4 Nf5 17. Nf3 Kg7 18. Ng5 Bg8 19. Bxf5 Rxf5 20. Nf3 Qf6 21. Rc1
Rf8 22. Qe2 Rh5 23. h3 Be6 24. Nh2 Rg5 25. Ng4 Bxg4 26. hxg4 h5 27. f3 Qf4 28.
Qd2 Bc5+ 29. Kh1 Be3 30. g3 Qxg3 31. Qxe3 hxg4 32. Qxg5 Rh8+ 0-1

[Event "17.Seefeld Open 2006"]
[Site "Seefeld/AUT (23.9.-1.10)"]
[Date "2006.09.23"]
[Round "1"]
[White "Dittmar, Peter"]
[Black "Johanssen, Torsten"]
[Result "1-0"]
[WhiteElo "2334"]
[BlackElo "2001"]
[PlyCount "219"]
[EventDate "2006.09.??"]
[EventType "swiss"]
[EventRounds "9"]
[EventCountry "AUT"]

1. d4 Nf6 2. Bg5 Ne4 3. Bf4 d5 4. Nd2 Bf5 5. Nxe4 Bxe4 6. e3 e6 7. Ne2 Bd6 8.
Bg3 c6 9. c4 Bb4+ 10. Nc3 Qa5 11. Qd2 O-O 12. a3 Bxc3 13. Qxc3 Qxc3+ 14. bxc3
Nd7 15. f3 Bg6 16. h4 h5 17. Kd2 f6 18. a4 e5 19. cxd5 cxd5 20. Bb5 Rad8 21.
Bxd7 Rxd7 22. dxe5 Kf7 23. exf6 gxf6 24. Bf4 Bf5 25. a5 Rc8 26. Ra4 Rc4 27.
Rha1 Rd8 28. R1a3 Rxa4 29. Rxa4 Rg8 30. g3 Bd7 31. Rb4 Bc6 32. Kd3 Ke6 33. Ke2
f5 34. Kf2 Rg6 35. Bb8 a6 36. Rb6 Kf7 37. Be5 Rg8 38. Bf4 Rg6 39. Bg5 Rg8 40.
Rb4 Rc8 41. Bf4 Bb5 42. Be5 Ke6 43. Bd4 Rg8 44. Rb1 Kf7 45. Rg1 Bd7 46. Bc5 Rc8
47. Bb4 Rg8 48. Rd1 Bc6 49. Rd4 Ke6 50. Kg2 Bd7 51. c4 Bc6 52. c5 Bb5 53. Kf2
Rg6 54. Bc3 Rg8 55. Rd1 Rc8 56. Bd4 Rg8 57. Rg1 Kf7 58. Be5 Ke6 59. Bd6 Kf7 60.
Rd1 Ke6 61. Rd4 Bc6 62. Rb4 Bb5 63. Ke1 Rg7 64. Kd2 Kf6 65. Rb2 Bc6 66. Kc3 Rg8
67. Kd4 Re8 68. Rb6 Re6 69. Bf4 Re8 70. Bg5+ Kg6 71. Rb2 Kf7 72. Rf2 Kg7 73.
Rg2 Kf7 74. Bf4 Kf6 75. Rb2 Kg6 76. Be5 Kf7 77. Rg2 Rg8 78. Rg1 Ke6 79. Bf4 Kf7
80. Ke5 Kg6 81. Bg5 Re8+ 82. Kf4 Bd7 83. Rd1 Bc6 84. Rd4 Re6 85. Bd8 Re8 86.
Bc7 Re7 87. Be5 Rf7 88. Rb4 Rf8 89. Bd4 Re8 90. Rb1 Re7 91. Rg1 Bd7 92. Be5 Rf7
93. Rb1 Bc6 94. Bd6 Kf6 95. Rb6 Rd7 96. Be5+ Kg6 97. Bd4 Re7 98. Rb2 Re8 99.
Be5 Rg8 100. Rg2 Bd7 101. Rd2 Bc6 102. g4 fxg4 103. fxg4 hxg4 104. Kxg4 Bd7+
105. Kf4 Rf8+ 106. Kg3 Rg8 107. Bf4 Kf5+ 108. Bg5 Ke4 109. Rd4+ Kf5 110. Rxd5+
1-0

[Event "17.Seefeld Open 2006"]
[Site "Seefeld/AUT (23.9.-1.10)"]
[Date "2006.09.23"]
[Round "1"]
[White "Wiesbeck, Florian"]
[Black "Pilz, Dieter"]
[Result "0-1"]
[WhiteElo "1999"]
[BlackElo "2333"]
[PlyCount "48"]
[EventDate "2006.09.??"]
[EventType "swiss"]
[EventRounds "9"]
[EventCountry "AUT"]

1. d4 Nf6 2. Nf3 g6 3. c4 c5 4. d5 d6 5. Nc3 Bg7 6. Bg5 O-O 7. e3 a6 8. Be2 b5
9. cxb5 h6 10. Bxf6 Bxf6 11. O-O axb5 12. Bxb5 Qa5 13. Qb3 Bd7 14. Be2 Na6 15.
a3 Rfb8 16. Qc2 Nc7 17. Rfd1 Rxb2 18. Qxb2 Bxc3 19. Qa2 Bxa1 20. Rxa1 Bb5 21.
Bxb5 Nxb5 22. a4 Qb4 23. a5 Nc3 24. Qa3 Nxd5 0-1

[Event "17.Seefeld Open 2006"]
[Site "Seefeld/AUT (23.9.-1.10)"]
[Date "2006.09.23"]
[Round "1"]
[White "Weinzettl, Ernst"]
[Black "Meul, Willi"]
[Result "1-0"]
[WhiteElo "2327"]
[BlackElo "1998"]
[PlyCount "49"]
[EventDate "2006.09.??"]
[EventType "swiss"]
[EventRounds "9"]
[EventCountry "AUT"]

1. e4 c5 2. Nf3 Nc6 3. d4 cxd4 4. Nxd4 Nf6 5. Nc3 e5 6. Ndb5 d6 7. Bg5 a6 8.
Na3 b5 9. Bxf6 gxf6 10. Nd5 f5 11. g4 fxg4 12. c3 h5 13. Nc2 Bh6 14. a4 bxa4
15. Rxa4 Bb7 16. Qd3 Na5 17. b4 Nb3 18. Nce3 Bxd5 19. Qxd5 Bxe3 20. fxe3 Qh4+
21. Kd1 Rc8 22. Kc2 Nc1 23. Bc4 Qf2+ 24. Kxc1 Qxe3+ 25. Kb2 1-0

[Event "17.Seefeld Open 2006"]
[Site "Seefeld/AUT (23.9.-1.10)"]
[Date "2006.09.23"]
[Round "1"]
[White "Scholz, Herbert"]
[Black "Mohrlok, Dieter"]
[Result "0-1"]
[WhiteElo "1991"]
[BlackElo "2321"]
[PlyCount "64"]
[EventDate "2006.09.??"]
[EventType "swiss"]
[EventRounds "9"]
[EventCountry "AUT"]

1. d4 g6 2. e4 Bg7 3. Nc3 a6 4. f4 b5 5. Nf3 b4 6. Nd5 a5 7. c3 e6 8. Ne3 bxc3
9. bxc3 Ne7 10. Bd3 c5 11. Bb2 Qc7 12. O-O Qxf4 13. Nc4 Qc7 14. d5 exd5 15.
exd5 d6 16. Qe2 O-O 17. Ne3 Nd7 18. c4 f6 19. Ng4 Nb6 20. Nd2 Bxg4 21. Qxg4 f5
22. Bxf5 Nxf5 23. Bxg7 Qxg7 24. Rab1 Rab8 25. Rb5 Qc3 26. Ne4 Qd4+ 27. Kh1 Nxc4
28. Rxb8 Rxb8 29. Rd1 Nce3 30. Rxd4 Nxg4 31. Rd1 Re8 32. h3 Rxe4 0-1

[Event "17.Seefeld Open 2006"]
[Site "Seefeld/AUT (23.9.-1.10)"]
[Date "2006.09.23"]
[Round "1"]
[White "Kesik, Klaus-Dieter"]
[Black "Plock, Christian"]
[Result "1-0"]
[WhiteElo "2280"]
[BlackElo "1990"]
[PlyCount "151"]
[EventDate "2006.09.??"]
[EventType "swiss"]
[EventRounds "9"]
[EventCountry "AUT"]

1. d4 d5 2. Nf3 Nf6 3. c4 e6 4. Nc3 c6 5. e3 Nbd7 6. Bd3 Bd6 7. O-O O-O 8. Qc2
h6 9. Bd2 Re8 10. cxd5 exd5 11. Rab1 Bb4 12. Rfc1 Bxc3 13. Bxc3 Ne4 14. Be1
Ndf6 15. Ne5 Ng5 16. b4 Nd7 17. f4 Nxe5 18. dxe5 Ne6 19. g3 Bd7 20. Bf2 Rc8 21.
Qb3 a6 22. a4 Nc7 23. Rb2 f6 24. exf6 Qxf6 25. e4 Be6 26. e5 Qf7 27. Qc2 Bg4
28. Bg6 Qd7 29. Re1 Rf8 30. Bc5 Bf5 31. Bxf5 Rxf5 32. e6 Nxe6 33. Qxf5 Nxc5 34.
Qxd7 Nxd7 35. b5 axb5 36. axb5 c5 37. Re6 c4 38. Rd6 Nf6 39. g4 c3 40. Rb1 c2
41. Rc1 Rc5 42. Kf1 Nxg4 43. Ke2 Rxb5 44. Rxc2 Nf6 45. Kd3 Rb4 46. Ke3 b5 47.
Rc8+ Kf7 48. f5 Re4+ 49. Kd3 Re7 50. Rb8 Ng4 51. Rxd5 Nxh2 52. Rdd8 Kf6 53.
Rf8+ Kg5 54. Rxb5 Rd7+ 55. Ke4 Ng4 56. f6+ Kg6 57. fxg7 Kxg7 58. Rf1 Re7+ 59.
Kd4 Kg6 60. Rg1 h5 61. Rh1 Nf6 62. Rb6 Re4+ 63. Kd3 Rf4 64. Ke3 Rf5 65. Rg1+
Kf7 66. Ra6 Ng4+ 67. Ke4 Rf6 68. Ra5 Kg6 69. Rg2 Kh6 70. Rb2 Nf2+ 71. Kd4 h4
72. Rbb5 h3 73. Rh5+ Kg6 74. Rag5+ Kf7 75. Kd5 Rf3 76. Rf5+ 1-0

[Event "17.Seefeld Open 2006"]
[Site "Seefeld/AUT (23.9.-1.10)"]
[Date "2006.09.23"]
[Round "1"]
[White "Kreie, Guenter"]
[Black "Kauch, Markus"]
[Result "0-1"]
[WhiteElo "1987"]
[BlackElo "2244"]
[PlyCount "58"]
[EventDate "2006.09.??"]
[EventType "swiss"]
[EventRounds "9"]
[EventCountry "AUT"]

1. e4 c5 2. Nf3 Nc6 3. d4 cxd4 4. Nxd4 e5 5. Nb5 d6 6. Bc4 a6 7. N5c3 Nf6 8. a3
Be6 9. Bxe6 fxe6 10. O-O Be7 11. Bg5 O-O 12. Bxf6 Rxf6 13. Qd3 Qb6 14. Nd2 Raf8
15. Nc4 Qc5 16. Ne3 Nd4 17. Ne2 Rg6 18. Ng3 h5 19. c3 Nb3 20. Rad1 h4 21. Ne2
Qc6 22. Qc2 Nc5 23. Nd5 exd5 24. exd5 Qe8 25. b4 Nd7 26. c4 Qf7 27. Nc3 Rg4 28.
h3 Rxc4 29. Qd3 Rd4 0-1

[Event "17.Seefeld Open 2006"]
[Site "Seefeld/AUT (23.9.-1.10)"]
[Date "2006.09.23"]
[Round "1"]
[White "Stabolewski, Andreas"]
[Black "Di Lazzaro, Gabriele"]
[Result "1-0"]
[WhiteElo "2235"]
[BlackElo "1986"]
[PlyCount "41"]
[EventDate "2006.09.??"]
[EventType "swiss"]
[EventRounds "9"]
[EventCountry "AUT"]

1. Nf3 c5 2. g3 g6 3. Bg2 Bg7 4. d4 cxd4 5. Nxd4 Nc6 6. Nxc6 bxc6 7. c4 Nf6 8.
O-O O-O 9. Nc3 Qc7 10. Bf4 d6 11. c5 Rd8 12. Rc1 Rb8 13. b3 Nh5 14. cxd6 exd6
15. Nd5 Qd7 16. Rxc6 Nxf4 17. gxf4 Bb7 18. Rc7 Qg4 19. e3 Qh4 20. Ne7+ Kf8 21.
Bxb7 1-0

[Event "17.Seefeld Open 2006"]
[Site "Seefeld/AUT (23.9.-1.10)"]
[Date "2006.09.23"]
[Round "1"]
[White "Walz, Robert"]
[Black "Ballon, Guenther-Jan"]
[Result "0-1"]
[WhiteElo "1984"]
[BlackElo "2184"]
[PlyCount "64"]
[EventDate "2006.09.??"]
[EventType "swiss"]
[EventRounds "9"]
[EventCountry "AUT"]

1. e4 c5 2. Nf3 e6 3. d4 cxd4 4. Nxd4 Nf6 5. Nc3 Nc6 6. Ndb5 Bb4 7. a3 Bxc3+ 8.
Nxc3 d5 9. exd5 exd5 10. Bf4 O-O 11. Be2 a6 12. O-O d4 13. Nb1 Qb6 14. Nd2 Be6
15. b3 Nd5 16. Nc4 Qd8 17. Qd2 b5 18. Ne5 Nxf4 19. Qxf4 Qc7 20. Nd3 Qxf4 21.
Nxf4 Bf5 22. g4 Bxc2 23. Rac1 d3 24. Bf3 Nd4 25. Bxa8 Rxa8 26. Rfd1 Nxb3 27.
Rb1 Bxb1 28. Rxb1 d2 29. Nd3 Nc1 30. Nb2 Re8 31. Kg2 Re1 32. a4 g6 0-1

[Event "17.Seefeld Open 2006"]
[Site "Seefeld/AUT (23.9.-1.10)"]
[Date "2006.09.23"]
[Round "1"]
[White "Ermel, Dirk"]
[Black "Antoniacci, Riccardo"]
[Result "1-0"]
[WhiteElo "2184"]
[BlackElo "1980"]
[PlyCount "89"]
[EventDate "2006.09.??"]
[EventType "swiss"]
[EventRounds "9"]
[EventCountry "AUT"]

1. c4 e5 2. Nc3 d6 3. d4 Nc6 4. Nf3 Bg4 5. d5 Nb8 6. Nd2 g6 7. f3 Bd7 8. b4 Bg7
9. e4 f5 10. Be2 Qh4+ 11. g3 Qe7 12. Nb3 h5 13. Be3 f4 14. Bf2 g5 15. Rc1 Nh6
16. gxf4 gxf4 17. c5 Bh3 18. cxd6 cxd6 19. Nb5 Na6 20. Na5 O-O 21. Rg1 Kh7 22.
a3 Bf6 23. Nxd6 Qxd6 24. Nxb7 Qe7 25. Bxa6 Bh4 26. Qe2 Rg8 27. Kd2 Bg5 28. Qc4
Rgc8 29. Nc5 Rc7 30. Qd3 Nf7 31. Nb3 Rd7 32. Bc8 Rxc8 33. Rxc8 Nd6 34. Rc6 Bh4
35. Bc5 Qd8 36. Qa6 Nf7 37. Rcg6 Ng5 38. Rh6+ Kg8 39. Qf6 Qxf6 40. Rxf6 Kh7 41.
Rxg5 Bxg5 42. Ra6 Rg7 43. Rxa7 Bd7 44. Bf8 Rf7 45. Bd6 1-0

[Event "17.Seefeld Open 2006"]
[Site "Seefeld/AUT (23.9.-1.10)"]
[Date "2006.09.23"]
[Round "1"]
[White "Scheidt, Eugen"]
[Black "Kroencke, Manfred"]
[Result "0-1"]
[WhiteElo "1980"]
[BlackElo "2183"]
[PlyCount "56"]
[EventDate "2006.09.??"]
[EventType "swiss"]
[EventRounds "9"]
[EventCountry "AUT"]

1. e4 c5 2. Nf3 e6 3. d4 cxd4 4. Nxd4 Nc6 5. Nc3 Qc7 6. Be3 a6 7. Be2 Nf6 8.
O-O Bb4 9. f3 O-O 10. Nxc6 bxc6 11. Bd2 d5 12. exd5 exd5 13. a3 Bd6 14. f4 Bf5
15. Kh1 d4 16. Na2 c5 17. Bf3 Rab8 18. Qc1 Rfe8 19. b4 c4 20. g3 Ne4 21. Be1
Bh3 22. Bg2 Bxg2+ 23. Kxg2 Qc6 24. Kg1 Bc7 25. h3 f5 26. Qd1 Rbd8 27. Nc1 Qa4
28. Ne2 Bb6 0-1

[Event "17.Seefeld Open 2006"]
[Site "Seefeld/AUT (23.9.-1.10)"]
[Date "2006.09.23"]
[Round "1"]
[White "Meschke, Andreas"]
[Black "Werner, Bernd"]
[Result "1/2-1/2"]
[WhiteElo "2183"]
[BlackElo "1980"]
[PlyCount "108"]
[EventDate "2006.09.??"]
[EventType "swiss"]
[EventRounds "9"]
[EventCountry "AUT"]

1. e4 e6 2. d4 d5 3. Nc3 Bb4 4. e5 c5 5. Bd2 Bd7 6. Nce2 Bxd2+ 7. Qxd2 cxd4 8.
Nxd4 Ne7 9. f4 O-O 10. Ngf3 Nbc6 11. O-O-O Nxd4 12. Nxd4 Nc6 13. g4 Rc8 14. h4
Nxd4 15. Qxd4 Qa5 16. Rh3 Qc5 17. Qxc5 Rxc5 18. Bd3 Rfc8 19. h5 Bb5 20. Bxb5
Rxb5 21. h6 g6 22. Rd4 Rbc5 23. c3 Rc4 24. Rhd3 Kf8 25. Kd2 Ke7 26. b3 Rxd4 27.
Rxd4 f6 28. exf6+ Kxf6 29. c4 dxc4 30. Rd7 cxb3 31. axb3 g5 32. fxg5+ Kxg5 33.
Rxh7 Rc6 34. Rxb7 Kxh6 35. Rxa7 Rb6 36. Kc3 Kg5 37. Rg7+ Kf4 38. b4 Rc6+ 39.
Kd4 e5+ 40. Kd5 Rc1 41. b5 e4 42. b6 e3 43. b7 Rb1 44. Kc6 e2 45. Re7 Rc1+ 46.
Kd5 Rd1+ 47. Kc5 Rb1 48. Kc6 Rc1+ 49. Kd7 Rd1+ 50. Kc8 Rc1+ 51. Kd8 Rd1+ 52.
Ke8 Rb1 53. Rxe2 Rxb7 54. Rg2 Kg5 1/2-1/2

[Event "17.Seefeld Open 2006"]
[Site "Seefeld/AUT (23.9.-1.10)"]
[Date "2006.09.23"]
[Round "1"]
[White "Russ, Colin"]
[Black "Keller, Manfred"]
[Result "0-1"]
[WhiteElo "1963"]
[BlackElo "2180"]
[PlyCount "94"]
[EventDate "2006.09.??"]
[EventType "swiss"]
[EventRounds "9"]
[EventCountry "AUT"]

1. Nf3 c5 2. g3 Nc6 3. d4 cxd4 4. Nxd4 g6 5. Bg2 Bg7 6. Nxc6 bxc6 7. O-O Rb8 8.
c3 Nf6 9. Nd2 O-O 10. Nb3 Qc7 11. f4 d6 12. Qd3 c5 13. c4 Ba6 14. Bd2 e6 15.
Ba5 Qe7 16. Qc2 Ng4 17. Rf3 Bb7 18. Rd3 Bxg2 19. Kxg2 Qb7+ 20. Kg1 Qe4 21. Rc3
Qxc2 22. Rxc2 Ne3 23. Rac1 Nxc2 24. Rxc2 Rfc8 25. Rd2 d5 26. cxd5 c4 27. Nd4
Rxb2 28. Nc6 Rxd2 29. Bxd2 Bf8 30. e4 f5 31. exf5 exd5 32. Ne5 c3 33. Bc1 c2
34. Kf1 gxf5 35. Ke2 Rc3 36. Nd3 Ba3 37. Bxa3 Rxa3 38. Nc1 d4 39. Kd2 d3 40. h3
h5 41. Nb3 Kf7 42. Nc1 Ke6 43. h4 Kd5 44. Ke3 Kc4 45. Kd2 Kd4 46. Nb3+ Rxb3 47.
axb3 a5 0-1

[Event "17.Seefeld Open 2006"]
[Site "Seefeld/AUT (23.9.-1.10)"]
[Date "2006.09.23"]
[Round "1"]
[White "Lagrotteria, Salvatore"]
[Black "Niedergesaess, Herbert"]
[Result "1-0"]
[WhiteElo "2176"]
[BlackElo "1950"]
[PlyCount "55"]
[EventDate "2006.09.??"]
[EventType "swiss"]
[EventRounds "9"]
[EventCountry "AUT"]

1. d4 Nf6 2. c4 g6 3. Nc3 d5 4. cxd5 Nxd5 5. e4 Nxc3 6. bxc3 Bg7 7. Bc4 c5 8.
Ne2 Nc6 9. Be3 cxd4 10. cxd4 O-O 11. O-O b6 12. Qd2 Bb7 13. f3 Rc8 14. Rac1 e6
15. Rfd1 Na5 16. Bd3 Qd7 17. Qb4 Rxc1 18. Rxc1 Rc8 19. Rxc8+ Qxc8 20. Qa4 h6
21. h4 h5 22. e5 Bd5 23. Nf4 Bc4 24. Qc2 Ba6 25. Bxg6 fxg6 26. Qxg6 Qd7 27.
Nxh5 Bc4 28. Nf6+ 1-0

[Event "17.Seefeld Open 2006"]
[Site "Seefeld/AUT (23.9.-1.10)"]
[Date "2006.09.23"]
[Round "1"]
[White "Becker, Joerg"]
[Black "Thoeny, Hermann"]
[Result "1/2-1/2"]
[WhiteElo "1945"]
[BlackElo "2175"]
[PlyCount "30"]
[EventDate "2006.09.??"]
[EventType "swiss"]
[EventRounds "9"]
[EventCountry "AUT"]

1. d4 Nf6 2. c4 g6 3. Nc3 d5 4. Nf3 Bg7 5. Qb3 dxc4 6. Qxc4 O-O 7. Bf4 Na6 8.
e3 c5 9. dxc5 Be6 10. Qb5 Qc8 11. c6 Nh5 12. Rc1 Rb8 13. cxb7 Rxb7 14. Qxa6
Nxf4 15. exf4 Qc7 1/2-1/2

[Event "17.Seefeld Open 2006"]
[Site "Seefeld/AUT (23.9.-1.10)"]
[Date "2006.09.23"]
[Round "1"]
[White "Jandke, Manfred"]
[Black "Buchaeckert, Juergen"]
[Result "1-0"]
[WhiteElo "2156"]
[BlackElo "1943"]
[PlyCount "53"]
[EventDate "2006.09.??"]
[EventType "swiss"]
[EventRounds "9"]
[EventCountry "AUT"]

1. Nf3 Nf6 2. d4 g6 3. g3 Bg7 4. Bg2 c6 5. c4 d5 6. b3 O-O 7. O-O Bf5 8. Nbd2
Ne4 9. Bb2 Nd7 10. cxd5 cxd5 11. Nh4 Nxd2 12. Qxd2 Be6 13. Qb4 Nb6 14. f4 a5
15. Qd2 f5 16. Rfc1 a4 17. Qb4 a3 18. Bc3 Qd6 19. Nf3 Nd7 20. Qxd6 exd6 21. Bb4
Ra6 22. e3 Nf6 23. Bf1 b5 24. Rc7 Rc8 25. Rac1 Rxc7 26. Rxc7 Ng4 27. Ng5 1-0

[Event "17.Seefeld Open 2006"]
[Site "Seefeld/AUT (23.9.-1.10)"]
[Date "2006.09.23"]
[Round "1"]
[White "Samarian, Cornel"]
[Black "Voss, Ingo"]
[Result "0-1"]
[WhiteElo "1937"]
[BlackElo "2149"]
[PlyCount "56"]
[EventDate "2006.09.??"]
[EventType "swiss"]
[EventRounds "9"]
[EventCountry "AUT"]

1. c4 Nf6 2. Nc3 e6 3. g3 d5 4. d4 dxc4 5. Bg2 c6 6. a4 Bb4 7. e3 Qa5 8. Bd2
Nd5 9. Nge2 Nd7 10. O-O O-O 11. Ne4 Rb8 12. Bxb4 Qxb4 13. Qc2 a5 14. Nd2 b5 15.
Rfb1 Ba6 16. Nc3 N7b6 17. Bxd5 Nxd5 18. e4 Nb6 19. b3 cxb3 20. Nxb3 Nxa4 21.
Nxa4 bxa4 22. Nc5 Qc4 23. Qd1 Rxb1 24. Rxb1 Bb5 25. Rb2 Rd8 26. Rd2 e5 27. dxe5
Rxd2 28. Qxd2 Qf1# 0-1

[Event "17.Seefeld Open 2006"]
[Site "Seefeld/AUT (23.9.-1.10)"]
[Date "2006.09.23"]
[Round "1"]
[White "Gruber, Michael"]
[Black "Ranker, Klemens"]
[Result "1-0"]
[WhiteElo "2138"]
[BlackElo "1936"]
[PlyCount "95"]
[EventDate "2006.09.??"]
[EventType "swiss"]
[EventRounds "9"]
[EventCountry "AUT"]

1. e4 c5 2. Nf3 Nc6 3. d4 cxd4 4. Nxd4 d6 5. c4 Bd7 6. Nc3 g6 7. Nc2 Bg7 8. Bd2
Nf6 9. Be2 O-O 10. O-O Rc8 11. Rc1 Ne8 12. b4 Nd4 13. Nxd4 Bxd4 14. Bh6 Bg7 15.
Bxg7 Nxg7 16. Qd4 a6 17. Nd5 Rc6 18. Rfd1 Ne6 19. Qe3 Nc7 20. Qh6 Qe8 21. Rc3
f6 22. Rg3 Rf7 23. Qe3 Be6 24. Qd4 Qf8 25. a4 Bc8 26. f4 Ne6 27. Qe3 Ng7 28. c5
e6 29. Nc3 dxc5 30. b5 axb5 31. axb5 Rd6 32. Bc4 Rxd1+ 33. Nxd1 Rd7 34. Qb3 Rd4
35. f5 Qd6 36. Nf2 Kf7 37. Rh3 h5 38. fxg6+ Kxg6 39. Rg3+ Kf7 40. Be2 b6 41.
Qe3 Qe5 42. Qh6 f5 43. Qg6+ Kf8 44. Nd3 Qc7 45. Qh7 Qf7 46. Ne5 Qg8 47. Qg6
Rxe4 48. Qf6+ 1-0

[Event "17.Seefeld Open 2006"]
[Site "Seefeld/AUT (23.9.-1.10)"]
[Date "2006.09.23"]
[Round "1"]
[White "Platzgummer, Peter"]
[Black "Schmidt, Juergen"]
[Result "1/2-1/2"]
[WhiteElo "1933"]
[BlackElo "2122"]
[PlyCount "51"]
[EventDate "2006.09.??"]
[EventType "swiss"]
[EventRounds "9"]
[EventCountry "AUT"]

1. e4 e5 2. Nf3 Nc6 3. d4 exd4 4. Nxd4 Nf6 5. Nxc6 bxc6 6. e5 Qe7 7. Qe2 Nd5 8.
c4 Qb4+ 9. Qd2 Qxd2+ 10. Bxd2 Nb4 11. Na3 Bc5 12. Bc3 O-O 13. Kd2 d6 14. f3
dxe5 15. Bxe5 Re8 16. Bf4 Bf5 17. Kc3 Rad8 18. g4 Bd3 19. Rd1 Nxa2+ 20. Kb3 Nb4
21. Kc3 Bxf1 22. Rhxf1 Rxd1 23. Rxd1 h6 24. h4 Re2 25. Rd2 Re1 26. Nc2 1/2-1/2

[Event "17.Seefeld Open 2006"]
[Site "Seefeld/AUT (23.9.-1.10)"]
[Date "2006.09.23"]
[Round "1"]
[White "Kozlov, Alexander"]
[Black "Strasser, Josef"]
[Result "1/2-1/2"]
[WhiteElo "2118"]
[BlackElo "1917"]
[PlyCount "102"]
[EventDate "2006.09.??"]
[EventType "swiss"]
[EventRounds "9"]
[EventCountry "AUT"]

1. d4 d5 2. c4 c6 3. Nc3 Nf6 4. Nf3 e6 5. e3 Nbd7 6. Bd3 dxc4 7. Bxc4 b5 8. Bb3
Bb7 9. O-O b4 10. Ne2 c5 11. Nf4 cxd4 12. exd4 Be7 13. d5 Nxd5 14. Nxd5 Bxd5
15. Bxd5 exd5 16. Qxd5 O-O 17. Be3 Nb6 18. Qe4 Re8 19. Rfd1 Qc8 20. Qf4 Rd8 21.
Bd4 Qb7 22. Qg3 Bf8 23. b3 Nd5 24. Nh4 Rac8 25. Qf3 Rd7 26. Nf5 f6 27. Rac1 Nc3
28. Qxb7 Rxb7 29. Bxc3 bxc3 30. Nd6 Bxd6 31. Rxd6 a5 32. Rd3 c2 33. Rd2 Rbc7
34. Kf1 Rc3 35. Ke1 Kf7 36. Re2 a4 37. bxa4 R8c4 38. Re3 Rxe3+ 39. fxe3 Rxa4
40. Rxc2 Ke6 41. Rd2 Ra3 42. Ke2 h5 43. Kf3 g5 44. h3 Ke5 45. Rb2 f5 46. Ke2
Ke4 47. Kf1 f4 48. exf4 Kxf4 49. Ke2 g4 50. hxg4 hxg4 51. Kd2 Kg3 1/2-1/2

[Event "17.Seefeld Open 2006"]
[Site "Seefeld/AUT (23.9.-1.10)"]
[Date "2006.09.23"]
[Round "1"]
[White "Kesik, Marco"]
[Black "Koller, Hubert"]
[Result "0-1"]
[WhiteElo "1916"]
[BlackElo "2115"]
[PlyCount "128"]
[EventDate "2006.09.??"]
[EventType "swiss"]
[EventRounds "9"]
[EventCountry "AUT"]

1. d4 g6 2. e4 Bg7 3. c4 c5 4. d5 e5 5. Bd3 d6 6. Nc3 Na6 7. Nge2 Nc7 8. O-O
Nh6 9. f4 exf4 10. Bxf4 Ng4 11. h3 Ne5 12. Ng3 Qh4 13. Be2 O-O 14. Qe1 g5 15.
Be3 g4 16. Nf5 Qxe1 17. Raxe1 gxh3 18. gxh3 Bxf5 19. Rxf5 Rae8 20. h4 Kh8 21.
Kh1 f6 22. Bf4 Re7 23. h5 h6 24. Rg1 a6 25. a4 b6 26. b3 Ne8 27. Nd1 Nf7 28.
Bd3 Ng5 29. Nf2 Rff7 30. Rg3 Bf8 31. Bxg5 fxg5 32. Rgf3 Kg7 33. Ng4 Rxf5 34.
Rxf5 Kg8 35. e5 dxe5 36. Rxe5 Kg7 37. Kg2 Nf6 38. Rxe7+ Bxe7 39. Nxf6 Kxf6 40.
Kf3 Ke5 41. Ke3 g4 42. Be4 a5 43. Bg6 Bg5+ 44. Kf2 Kf4 45. Kg2 Be7 46. Be8 Bd6
47. Bg6 Ke3 48. Be8 Kd2 49. Bb5 Kc3 50. Kf1 Kxb3 51. Kg2 Kc3 52. Kf1 Kd3 53.
Kg2 Ke3 54. Ba6 Kf4 55. Bb5 Kg5 56. Be8 Bc7 57. Kh1 b5 58. cxb5 c4 59. Kg2 Kf4
60. d6 Bxd6 61. b6 Ke3 62. Bd7 c3 63. Bf5 Kd2 64. b7 c2 0-1

[Event "17.Seefeld Open 2006"]
[Site "Seefeld/AUT (23.9.-1.10)"]
[Date "2006.09.23"]
[Round "1"]
[White "Mertens, Klaus"]
[Black "Aufmwasser, Guenter"]
[Result "1-0"]
[WhiteElo "2100"]
[BlackElo "1909"]
[PlyCount "95"]
[EventDate "2006.09.??"]
[EventType "swiss"]
[EventRounds "9"]
[EventCountry "AUT"]

1. Nf3 f5 2. g3 Nf6 3. Bg2 e6 4. O-O d5 5. b3 Bd6 6. Bb2 O-O 7. c4 c6 8. e3
Nbd7 9. d4 Qe8 10. Nbd2 Ne4 11. Ne5 Nxd2 12. Qxd2 Nxe5 13. dxe5 Be7 14. Rac1
Qg6 15. b4 Bd7 16. a4 Rad8 17. Bd4 b6 18. c5 bxc5 19. Bxc5 Bxc5 20. Rxc5 Qe8
21. Ra5 Ra8 22. Qd4 Qb8 23. Rb1 Qb6 24. Bf1 Qxd4 25. exd4 Rfb8 26. Kg2 Rb6 27.
Kf3 Kf7 28. Ke3 Ke7 29. Kd2 Kd8 30. Bd3 Kc7 31. Rc5 Rab8 32. Kc3 Kd8 33. f3 g6
34. g4 Ke7 35. a5 fxg4 36. fxg4 Rf8 37. axb6 axb6 38. Ra5 bxa5 39. bxa5 Ra8 40.
Ra1 Bc8 41. a6 Kd7 42. Kb4 Kc7 43. Kc5 Kd7 44. g5 Kc7 45. h4 Ra7 46. Rf1 Kb8
47. Kb6 Rg7 48. Rf8 1-0